[Event "Ch Hungary (team) 1996/97 (2 liga)"]
[Site "Hungary"]
[Round "3"]
[White "Kovacs Gyorgy (HUN)"]
[Black "Gonczi Jozsef (HUN)"]
[Result "1-0"]
[WhiteElo "2128"]
[BlackElo "2138"]

1.d4 Nf6 2.Nf3 a6 3.Bf4 g6 4.Nc3 Bg7 5.e4 d6 6.Qd2 b5 7.a3 Bb7 8.Bd3 Nbd7
9.Bh6 O-O 10.Bxg7 Kxg7 11.h4 h5 12.Ng5 e5 13.d5 c6 14.dxc6 Bxc6 15.Be2 Nc5
16.Bf3 Qe7 17.Rd1 Rad8 18.O-O Nh7 19.Nd5 Bxd5 20.exd5 Nxg5 21.hxg5 Rfe8 22.b4
Nd7 23.Rde1 Nf8 24.Bd1 Rc8 25.g4 hxg4 26.Re4 Rc4 27.Rxc4 bxc4 28.Bxg4 Nh7
29.Re1 Qxg5 30.Qxg5 Nxg5 31.f4 Nh7 32.fxe5 dxe5 33.Bd7 Rd8 34.Bc6 Ng5 35.Kg2
e4 36.a4 Kf6 37.b5 a5 38.b6 Ke5 39.b7 Nf3 40.Rb1 Rb8 41.c3 Nd2 42.Rb6 Nb3
43.Ra6 Nc5 44.Ra8 Rxb7 45.Bxb7 Nxb7 46.Ra7 Nc5 47.Rxa5 Kxd5 48.Ra7 f5 49.a5 f4
50.Rg7 Kc6 51.Rxg6+ Kb5 52.Rg5 Kc6 53.Re5 f3+ 54.Kg3 f2 55.Kg2 Kd6 56.a6 Nxa6
57.Rxe4 Kd5 58.Rd4+ Kc5 59.Kxf2 Nb4 60.Rh4 Na2 61.Rh5+ Kc6 62.Rh3 Kb5 63.Ke1
Ka4 64.Kd2 Kb3 65.Rh8 Kb2 66.Rb8+ Ka3 67.Kc2 {#r} 1-0

[Event "It (open)"]
[Site "Krasnodar (Russia)"]
[Round "7"]
[White "Abelian Artak (RUS)"]
[Black "Dmitriev Igor (RUS)"]
[Result "1-0"]
[WhiteElo "2346"]
[BlackElo "2370"]

1.d4 a6 2.Nf3 Nf6 3.Nbd2 d6 4.b3 g6 5.Bb2 Bg7 6.g3 b6 7.Bg2 Bb7 8.O-O O-O
9.Ne1 Bxg2 10.Nxg2 Nbd7 11.c4 c5 12.d5 b5 13.Rb1 Nb6 14.e4 Bh6 15.f4 Qc8
16.Qe2 Qg4 17.Nf3 Rfb8 18.Ne3 Qd7 19.e5 Ne8 20.Nd2 Bg7 21.Ne4 bxc4 22.bxc4 Qc7
23.e6 f5 24.Bxg7 Kxg7 25.Nc3 Nf6 26.g4 fxg4 27.f5 Rg8 28.Nxg4 Nxg4 29.Qxg4
Raf8 30.Kh1 Nc8 31.fxg6 hxg6 32.Rg1 Rf6 33.Ne4 Kf8 34.Nxf6 exf6 35.Qf4 Ne7
36.Qxf6+ Ke8 37.Qb2 Kd8 38.Rgf1 Nf5 39.Qb8+ Qc8 40.Rb7 {#r} 1-0

[Event "It (open) \"]
[Site "Miskolc (Hungary)"]
[Round "1"]
[White "Landenberger Laszlo (HUN)"]
[Black "Eberth Zoltan (HUN)"]
[Result "1/2-1/2"]
[WhiteElo "2048"]
[BlackElo "2198"]

1.d4 Nf6 2.Nf3 a6 3.c4 c5 4.e3 g6 5.Nc3 cxd4 6.exd4 Bg7 7.h3 O-O 8.Bd3 d5
9.O-O dxc4 10.Bxc4 b5 11.Bb3 Bb7 12.Be3 e6 13.Rc1 Nbd7 14.Ne5 Nb6 15.Ne2 Rc8
16.Qd2 Nc4 17.Bxc4 bxc4 18.Qb4 Qd5 19.f3 a5 20.Qa4 Rfd8 21.Nxc4 Rxc4 22.Qxc4
Qxc4 23.Rxc4 Ba6 24.Rc2 Nd5 25.Bf2 Bh6 26.a3 Bd3 27.Rc5 Bxe2 28.Re1 Bd3 {#d}
1/2-1/2

[Event "It (open)"]
[Site "Sarospatak (Hungary)"]
[Round "0"]
[White "Husek Zdenek (SVK)"]
[Black "Kovacs Tamas (HUN)"]
[Result "1-0"]
[WhiteElo "2033"]
[BlackElo "2149"]

1.d4 Nf6 2.Nf3 a6 3.g3 g6 4.Bg2 Bg7 5.O-O O-O 6.c4 c5 7.Nc3 d6 8.dxc5 dxc5
9.Qxd8 Rxd8 10.Na4 Nfd7 11.Rd1 Nc6 12.Be3 Rb8 13.Nxc5 Bxb2 14.Rab1 Nxc5
15.Rxd8+ Nxd8 16.Rxb2 Nde6 17.Ne5 Kf8 18.Bh6+ Ke8 19.Bc6+ Nd7 20.Nxd7 Bxd7
21.Rxb7 Rxb7 22.Bxb7 Nc5 23.Bf3 Kd8 24.Be3 Na4 25.Bd4 f6 26.Bb7 a5 27.f4 Kc7
28.Bd5 e6 29.Be4 f5 30.Bd3 Kd6 31.Kg2 Nc5 32.Be5+ Kc6 33.Kh3 Nxd3 34.exd3 Be8
35.Kh4 Kd7 36.Kg5 Ke7 37.Bc3 a4 38.Kh6 Bc6 39.Kxh7 Kf7 40.Kh6 Bg2 41.c5 Bf3
42.a3 Bg2 43.Kg5 {#r} 1-0

[Event "It (cat.7) (a)"]
[Site "Cairo (Egypt)"]
[Round "2"]
[White "Ahmed Esam Aly (EGY)"]
[Black "El Ghazali Youssef M (EGY)"]
[Result "0-1"]
[WhiteElo "2375"]
[BlackElo "2315"]

1.d4 Nf6 2.Nf3 a6 3.c4 c5 4.dxc5 Qa5+ 5.Nc3 e6 6.Nd4 Ne4 7.Qc2 Nxc3 8.Nb3 Qc7
9.Qxc3 a5 10.e3 Na6 11.Be2 Nxc5 12.Nxc5 Qxc5 13.O-O Qc7 14.Kh1 b6 15.e4 Bb7
16.Bf3 Bd6 17.Qxg7 O-O-O 18.Qxf7 Rdf8 19.Qh5 Rhg8 20.Be3 Bf4 21.Rae1 Rg5
22.Qh4 Qe5 23.Bxb6 Qxb2 24.Rb1 Qg7 25.g3 Bd2 26.Rb3 Rf6 27.e5 Rxf3 28.Rxf3
Bxf3+ 29.Kg1 Qxe5 30.Qxh7 Bb4 31.Qf7 Bc6 32.Rd1 Kb7 33.Be3 Rf5 34.Rxd7+ Bxd7
35.Qxd7+ Qc7 36.Qxe6 Rf8 37.c5 Rd8 38.Qe4+ Qc6 39.Qe7+ Rd7 {#R} 0-1

[Event "It (open)"]
[Site "Baunatal (Germany)"]
[Round "4"]
[White "Mueller Thorsten (GER)"]
[Black "Kruck Daniel (GER)"]
[Result "1/2-1/2"]
[WhiteElo "2133"]
[BlackElo "2189"]

1.d4 Nf6 2.Nf3 a6 3.a4 c5 4.c3 cxd4 5.cxd4 d5 6.Bf4 Bf5 7.Nc3 Nc6 8.Nh4 Bg4
9.h3 Bh5 10.g4 Bg6 11.Nxg6 hxg6 12.Bg2 Qb6 13.e3 e5 14.dxe5 Qxb2 15.Rc1 Bb4
16.O-O Bxc3 17.exf6 gxf6 18.Qxd5 Rd8 19.Qe4+ Kf8 20.Rb1 Qe2 21.Rxb7 Ne5
22.Bxe5 Bxe5 23.Qb4+ Bd6 24.Qb6 Be7 25.Ra7 Rd6 26.Qb7 Re6 27.Ra8+ Kg7 28.Rxh8
Kxh8 29.Bf3 Qd3 30.Rd1 Qc2 31.Rd7 Qc5 32.Bd5 Rxe3 33.fxe3 Qxe3+ 34.Kf1 Qd3+
35.Ke1 Qe3+ 36.Kd1 Qd3+ 37.Ke1 Qe3+ 38.Kf1 Qd3+ 39.Kg2 Qe2+ 40.Kg3 Qe1+ 41.Kg2
{#d} 1/2-1/2

[Event "It (open)"]
[Site "Decin (Czech Republic)"]
[Round "6"]
[White "Kuzmin Gennadi P (UKR)"]
[Black "Hrbolka Ladislav Jr (CZE)"]
[Result "1-0"]
[WhiteElo "2560"]
[BlackElo "2159"]

1.d4 Nf6 2.Nf3 a6 3.c4 c5 4.d5 b5 5.g3 d6 6.Bg2 g6 7.O-O Bg7 8.Re1 O-O 9.e4
Nbd7 10.h3 Nb6 11.Nbd2 e5 12.dxe6 Bxe6 13.cxb5 axb5 14.a3 h6 15.e5 Ne8 16.Qe2
b4 17.exd6 bxa3 18.Ne5 axb2 19.Rxa8 Nxa8 20.Bxb2 Nxd6 21.Ra1 Nb6 22.Nc6 Qg5
23.Nf3 Qh5 24.g4 Bxb2 25.gxh5 Bxa1 26.Qa6 {#r} 1-0

[Event "It (open)"]
[Site "Mikkeli (Finland)"]
[Round "2"]
[White "Karttunen Mika (FIN)"]
[Black "Kilpela Panu (FIN)"]
[Result "1/2-1/2"]
[WhiteElo "2275"]
[BlackElo "2088"]

1.d4 Nf6 2.Nf3 a6 3.Bg5 d5 4.e3 e6 5.Bd3 Be7 6.O-O O-O 7.Nbd2 Nbd7 8.Re1 b6
9.e4 dxe4 10.Nxe4 Bb7 11.Ng3 c5 12.c3 Re8 13.Qe2 Ra7 14.Ne5 cxd4 15.cxd4 Nf8
16.Rad1 Qd5 17.Nf3 b5 18.b3 N8d7 19.Bf4 Ba8 20.Qf1 Bb4 21.Re2 Rc8 22.Be5 Qb7
23.Be4 Nxe4 24.Nxe4 Qb6 25.Bf4 Bxe4 26.Rxe4 Nf6 27.Re2 Nd5 28.Bd2 Bxd2
29.Rexd2 Rac7 30.Qd3 {#d} 1/2-1/2

[Event "It (open)"]
[Site "Voronezh (Russia)"]
[Round "5"]
[White "Shestoperov Aleksej (RUS)"]
[Black "Shipunov Vladimir (RUS)"]
[Result "0-1"]
[WhiteElo "2415"]
[BlackElo "2279"]

1.d4 Nf6 2.Nf3 a6 3.Bg5 d6 4.Nbd2 Nbd7 5.c3 h6 6.Bh4 g5 7.Bg3 Nh5 8.e4 Bg7
9.Bd3 c5 10.dxc5 dxc5 11.a4 g4 12.Nh4 Nxg3 13.hxg3 Ne5 14.Be2 h5 15.Qc2 e6
16.f4 gxf3 17.gxf3 Bd7 18.f4 Ng4 19.Nc4 Bc6 20.Rd1 Qc7 21.a5 Ke7 22.Ng2 Rad8
23.Rxd8 Qxd8 24.O-O Bd4+ 25.Kh1 h4 26.gxh4 Nf2+ 27.Rxf2 Bxf2 28.h5 f5 29.Bf3
Bg3 30.Ne5 Bxe4 31.Bxe4 Rxh5+ 32.Kg1 fxe4 33.Qe2 Rxe5 34.fxe5 Qd3 35.Qxd3 exd3
36.Kf1 Bxe5 37.Ke1 Bf6 38.Ne3 Bg5 39.Nc4 Bf4 40.b3 e5 {#R} 0-1

[Event "Moravian League 1999/00 (1st)"]
[Site "Czech Republic"]
[Round "4"]
[White "Zpevak Pavel (CZE)"]
[Black "Chytilek Roman (CZE)"]
[Result "0-1"]
[WhiteElo "2354"]
[BlackElo "2397"]

1.d4 Nf6 2.Nf3 a6 3.Bf4 b5 4.e3 Bb7 5.Nbd2 e6 6.Bd3 c5 7.c3 Nc6 8.O-O Be7 9.h3
O-O 10.Qe2 Rc8 11.Rad1 cxd4 12.exd4 Na5 13.Ne5 Bd5 14.Bb1 Nc4 15.Ndxc4 bxc4
16.Bg5 d6 17.Bxf6 Bxf6 18.Ng4 Ba8 19.b4 cxb3 20.Qd3 g6 21.Nxf6+ Qxf6 22.axb3
Qg5 23.f3 Qb5 24.c4 Qb4 25.h4 a5 26.h5 a4 27.Qe3 Qxb3 28.Qh6 Rc7 29.Kh2 Qb8
30.Rh1 Qd8 31.Kg1 Qf6 32.hxg6 fxg6 33.Qe3 Rb8 34.Re1 e5 35.dxe5 Qxe5 36.Qxe5
dxe5 37.Kh2 Rc5 38.Re2 Kg7 39.Rd1 Rf8 {#R} 0-1

[Event "It"]
[Site "Elgoibar (Spain)"]
[Round "8"]
[White "Izeta Txabarri Felix (ESP)"]
[Black "Sanz Alonso Francisco J (ESP)"]
[Result "1-0"]
[WhiteElo "2505"]
[BlackElo "2435"]

1.d4 Nf6 2.Nf3 a6 3.c4 b5 4.e3 c6 5.b3 g6 6.Nbd2 Bg7 7.a4 bxc4 8.Nxc4 d6 9.a5
Nbd7 10.Be2 O-O 11.O-O Bb7 12.Bb2 c5 13.dxc5 Nxc5 14.b4 Ncd7 15.Qa4 Nd5
16.Bxg7 Kxg7 17.Rfc1 Qe8 18.Qa3 Kg8 19.h3 Qb8 20.Rab1 Rc8 21.Nd4 Rc7 22.Qb2
Qc8 23.b5 axb5 24.Nxb5 Rc6 25.Nd4 Rc7 26.Nb5 Rc6 27.Nd4 Rc7 28.Nb6 N5xb6
29.axb6 Rc5 30.Bg4 Ra6 31.Ne6 {#r} 1-0

[Event "Ch Hungary (team) 1999/00 (2 liga)"]
[Site "Hungary"]
[Round "3"]
[White "Kovacs Arthur (HUN)"]
[Black "Nagy Attila (SRB)"]
[Result "1-0"]
[WhiteElo "2189"]
[BlackElo "2187"]

1.d4 Nf6 2.Nf3 a6 3.a4 d6 4.c4 g6 5.Nc3 Bg7 6.e4 O-O 7.Be2 Bg4 8.O-O Nbd7
9.Be3 Bxf3 10.Bxf3 e5 11.d5 Ne8 12.Be2 f5 13.f3 Nef6 14.b4 a5 15.Qb3 b6 16.Bd3
f4 17.Bf2 g5 18.Nb5 axb4 19.Qxb4 Ra5 20.Qb2 h5 21.Be1 Ra6 22.a5 Nc5 23.Be2
Nfd7 24.axb6 Nxb6 25.Rxa6 Nxa6 26.Ba5 Na4 27.Qc2 N4c5 28.Ra1 Rf7 29.Be1 Bf6
30.Ra3 Qf8 31.Qa2 Qg7 32.Rxa6 Nxa6 33.Qxa6 Kh7 34.Qc8 Rd7 35.h3 Bd8 36.Ba5 Qf7
37.Na7 Qe8 38.Nc6 Kg7 39.Nxd8 Qxd8 40.Qxd8 Rxd8 41.Bxc7 Rd7 42.Bxd6 Rxd6 43.c5
Rd8 44.c6 Kf7 45.c7 Rc8 46.d6 Ke6 47.Ba6 Ra8 48.c8=Q+ Rxc8 49.Bxc8+ Kxd6 50.h4
gxh4 51.Kh2 {#r} 1-0

[Event "Ch Hungary (team) 1999/00 (2 liga)"]
[Site "Hungary"]
[Round "3"]
[White "Szalai Kornel (HUN)"]
[Black "Nagy Csaba (HUN)"]
[Result "1-0"]
[WhiteElo "2390"]
[BlackElo "2069"]

1.d4 Nf6 2.Nf3 a6 3.c3 d5 4.Bf4 e6 5.e3 b6 6.Bd3 Bb7 7.Nbd2 Ne4 8.Bxe4 dxe4
9.Ng5 Be7 10.Ngxe4 g5 11.Bg3 h5 12.f4 h4 13.Bf2 gxf4 14.exf4 f5 15.Ng5 Bxg5
16.fxg5 Qxg5 17.Rg1 Nd7 18.Qe2 O-O-O 19.O-O-O Rde8 20.g3 h3 21.Be3 Qg6 22.Bf4
Nf6 23.Nc4 Nd5 24.Qe5 Qh5 25.Nxb6+ cxb6 26.Qb8+ Kd7 27.Qxb7+ Kd8 28.c4 Re7
29.Qb8+ Kd7 30.Qd6+ Ke8 31.cxd5 Kf7 32.dxe6+ Rxe6 33.Qd7+ Re7 34.Qd5+ Re6
35.Rge1 Re8 36.Rxe6 Rxe6 37.Re1 {#r} 1-0

[Event "Memorial N.Aratovsky"]
[Site "Saratov (Russia)"]
[Round "8"]
[White "Bondarenko Vladimir (RUS)"]
[Black "Dmitriev Igor (RUS)"]
[Result "0-1"]
[WhiteElo "2327"]
[BlackElo "2391"]

1.d4 Nf6 2.Nf3 a6 3.g3 b5 4.Bg2 Bb7 5.c4 e6 6.Qc2 Be4 7.Qc3 Nc6 8.a3 bxc4
9.Qxc4 Na5 10.Qa4 c5 11.dxc5 Nb7 12.Nc3 Nxc5 13.Qd1 Bc6 14.b4 Nce4 15.Nxe4
Bxe4 16.O-O Be7 17.Qd4 O-O 18.Bb2 Qc7 19.Rfd1 Qb7 20.Rac1 Rfc8 21.Bc3 h6
22.Bf1 d6 23.Be1 Bc2 24.Rd2 Ba4 25.Rxc8+ Rxc8 26.Qe3 Nd5 27.Qe4 Rc1 28.Bh3 Bc6
29.Rc2 Nc3 {#R} 0-1

[Event "Cup Zemplen (open)"]
[Site "Zemplen (Hungary)"]
[Round "0"]
[White "Hlinka Michal (SVK)"]
[Black "Lengyel Gabor (HUN)"]
[Result "1-0"]
[WhiteElo "2207"]
[BlackElo "1850"]

1.d4 Nf6 2.Nf3 a6 3.a4 g6 4.g3 Bg7 5.Bg2 c5 6.c3 cxd4 7.cxd4 O-O 8.O-O d5
9.Nc3 Nc6 10.Ne5 Ne4 11.Nxc6 Nxc3 12.Nxe7+ Qxe7 13.bxc3 Re8 14.e3 Be6 15.Ba3
Qd7 16.Qb3 Rec8 17.Bc5 Rab8 18.a5 Rxc5 19.dxc5 d4 20.Qb6 dxe3 21.c6 exf2+
22.Kh1 Qc8 23.cxb7 Bxc3 24.Rac1 Be1 25.Rfxe1 fxe1=Q+ 26.Rxe1 Qd7 27.Rc1 Qd2
28.Qc7 Kg7 29.Qc3+ Qxc3 30.Rxc3 Kf6 31.Rc6 Ke7 32.Rxa6 Kd8 33.Ra8 Kc7 34.a6 h5
35.Kg1 g5 36.Kf2 f5 37.Ke3 h4 38.Kd4 hxg3 39.hxg3 g4 40.Ke5 f4 41.Rxb8 {#r}
1-0

[Event "Ch Slovakia (team) 2000/01 (2 liga) (b)"]
[Site "Slovakia"]
[Round "1"]
[White "Horn Jozef (SVK)"]
[Black "Gieci Jozef"]
[Result "0-1"]
[WhiteElo "2151"]
[BlackElo "1935"]

1.d4 Nf6 2.Nf3 a6 3.c3 d5 4.Qc2 Nc6 5.Bf4 Bg4 6.Nbd2 Nh5 7.Bg5 h6 8.Bh4 g5
9.Bg3 Nxg3 10.hxg3 Qd7 11.Nxg5 Bg7 12.Nh3 Bf5 13.Qa4 e5 14.e3 Qe6 15.dxe5 b5
16.Bxb5 axb5 17.Qxa8+ Kd7 18.Qa6 Rb8 19.Nf4 Qxe5 20.O-O Bg4 21.Qa3 h5 22.Qb3
Ne7 23.a4 Bf6 24.axb5 h4 25.gxh4 Bxh4 26.Ra4 Rh8 27.Rd4 Bg5 28.g3 Bxf4 29.e4
Qh5 30.Rxd5+ Nxd5 31.Qxd5+ Qxd5 32.exd5 Bxd2 33.f3 Be3+ {#R} 0-1

[Event "It (open)"]
[Site "Zadar (Croatia)"]
[Round "2"]
[White "Biliskov Vjekoslav (CRO)"]
[Black "Petkovic Nenad (CRO)"]
[Result "1-0"]
[WhiteElo "2321"]
[BlackElo "1945"]

1.d4 Nf6 2.Nf3 a6 3.c4 c5 4.d5 b5 5.Qc2 d6 6.e4 Bg4 7.Nbd2 Qa5 8.Be2 Bxf3
9.Bxf3 Nbd7 10.O-O g6 11.b3 Bg7 12.Bb2 O-O 13.Be2 Bh6 14.f4 e5 15.dxe6 fxe6
16.g4 Ne8 17.g5 Bg7 18.Bg4 Nc7 19.Bxg7 Kxg7 20.e5 d5 21.cxd5 Nxd5 22.Bxe6 Ne3
23.Qd3 Nxf1 24.Rxf1 Nb6 25.Ne4 Qb4 26.Nf6 Qd4+ 27.Qxd4 cxd4 28.Rc1 Ra7 29.Rc6
Na8 30.Rd6 Re7 31.Bg4 Nc7 32.Kf2 b4 33.Rxd4 a5 34.Rd6 Nb5 35.Rd5 Nc3 36.Rxa5
Rd8 37.a3 bxa3 38.Rxa3 Rd2+ 39.Ke3 Rb2 40.Kd3 Nb1 41.Ra8 Rxb3+ 42.Kc2 Rbb7
43.Ne8+ Rxe8 44.Rxe8 Na3+ 45.Kc3 Kf7 46.Rh8 Kg7 47.Rd8 Rc7+ 48.Kd3 Rc1 49.Rd7+
Kf8 50.Rxh7 Rc4 51.Bd7 {#r} 1-0

[Event "Ch Pireus"]
[Site "Athens (Greece)"]
[Round "7"]
[White "Kofinas Hristos (GRE)"]
[Black "Bogdanos Antonios (GRE)"]
[Result "0-1"]
[WhiteElo "1939"]
[BlackElo "2154"]

1.d4 Nf6 2.Nf3 a6 3.Bf4 d6 4.Nbd2 g6 5.e4 Bg7 6.Be2 O-O 7.h3 b5 8.O-O Bb7
9.Bd3 Nbd7 10.Qe2 e5 11.dxe5 dxe5 12.Be3 Qe7 13.c3 Nc5 14.b4 Nxd3 15.Qxd3 Rfd8
16.Qc2 Nd7 17.Nb3 Rac8 18.Rad1 Bf8 19.Nc5 Nxc5 20.Bxc5 Qe6 21.Rxd8 Rxd8
22.Bxf8 Kxf8 23.Nd2 f5 24.f3 Qb6+ 25.Kh1 Qe3 26.Nb3 Kg7 27.Nc5 Rd2 28.Qb3 Qe2
29.Rg1 Bc8 30.Ne6+ Kh6 31.exf5 Bb7 32.Ng5 Kxg5 33.Qf7 Bxf3 34.h4+ Kh6 35.fxg6
Bxg2+ 36.Kh2 Be4+ {#R} 0-1

[Event "Ch Spain (team) (2 div)"]
[Site "Spain"]
[Round "3"]
[White "Olaizola Ortega Luis (ESP)"]
[Black "Sanz Alonso Francisco J (ESP)"]
[Result "0-1"]
[WhiteElo "2239"]
[BlackElo "2387"]

1.Nf3 Nf6 2.d4 a6 3.e3 b5 4.Bd3 Bb7 5.c3 e6 6.Nbd2 c5 7.O-O Qb6 8.Qe2 Nc6
9.dxc5 Qxc5 10.e4 d6 11.Re1 Be7 12.Nb3 Qh5 13.Nbd4 Nd7 14.Bc2 O-O 15.a4 Nxd4
16.cxd4 b4 17.Bd3 Qa5 18.b3 e5 19.Bb2 Rfe8 20.dxe5 Nxe5 21.Nxe5 dxe5 22.Bc4
Bc5 23.Rad1 Re7 24.Rd2 Rd8 25.Red1 Bb6 26.Rxd8+ Bxd8 27.Bxa6 Bc6 28.Bb5 Bb7
29.Qd3 Bc7 30.Qc2 Bb6 31.Bc1 h6 32.Qd3 Qa8 33.Re1 Re6 34.Kf1 Kh8 35.Bc4 Rf6
36.f3 g5 37.Be3 Bxe4 38.Qd2 Bc7 39.Bxg5 hxg5 40.Qxg5 Rf4 41.Qh5+ Kg7 42.Qg5+
Bg6 43.Rd1 Qc6 44.Qe7 Rxc4 45.bxc4 Qxc4+ {#R} 0-1

[Event "Tournament"]
[Site "St. Petersburg (Russia)"]
[Round "9"]
[White "Znamensky Vladimir (RUS)"]
[Black "Dmitriev Igor (RUS)"]
[Result "1/2-1/2"]
[WhiteElo "2336"]
[BlackElo "2393"]

1.d4 Nf6 2.Nf3 a6 3.Bf4 d6 4.e3 Nbd7 5.h3 c5 6.c3 b6 7.Nbd2 Bb7 8.Bd3 g6 9.O-O
Bg7 10.Qc2 Rc8 11.Rad1 cxd4 12.exd4 Nd5 13.Bg3 Nb4 14.Qb1 Nxd3 15.Qxd3 Nf6
16.Rfe1 O-O 17.Re2 Rc7 18.Rde1 b5 19.a3 Nh5 20.Bh2 Bh6 21.b3 Nf4 22.Bxf4 Bxf4
23.d5 Bh6 24.c4 Bg7 25.h4 Re8 26.h5 bxc4 27.bxc4 Bc8 28.hxg6 hxg6 29.Ng5 Bg4
30.Re3 Bf5 31.Ndf3 Qd7 32.Qe2 e5 33.dxe6 Bxe6 34.Nxe6 Rxe6 35.Qd3 Qc6 36.Nd2
Rxe3 37.Qxe3 Rc8 38.Qd3 Be5 39.g3 Kg7 40.Nf3 Bf6 41.Re4 Qc5 42.Kg2 Rb8 43.Re2
Rh8 44.Re4 a5 45.a4 Rb8 46.Nd4 Rb2 47.Rg4 Kg8 48.Rxg6+ fxg6 49.Qxg6+ Bg7
50.Qe8+ Bf8 51.Qe6+ Kh7 52.Qe4+ Kh6 53.Qe6+ Kh7 54.Qe4+ Kh6 55.Qe6+ Kh7 {#d}
1/2-1/2

[Event "It (open)"]
[Site "Abudhabi (United Arab Emirates)"]
[Round "2"]
[White "Coleman James (ENG)"]
[Black "Salem Ghuloom (UAE)"]
[Result "1/2-1/2"]
[WhiteElo "2224"]
[BlackElo "2318"]

1.d4 a6 2.Nf3 Nf6 3.Bg5 Ne4 4.Bf4 d5 5.Nbd2 Bf5 6.e3 Nxd2 7.Qxd2 e6 8.Bd3 Bxd3
9.Qxd3 Bd6 10.Bxd6 Qxd6 11.O-O O-O 12.c4 f6 13.Rac1 Nc6 14.cxd5 exd5 15.Nd2
Rae8 16.Qb3 Nd8 17.Qc3 c6 18.Nf3 Nf7 19.Qc5 Qxc5 20.Rxc5 g5 {#d} 1/2-1/2

[Event "It (open)"]
[Site "Geraardsbergen (Belgium)"]
[Round "4"]
[White "Duhayon Yves (BEL)"]
[Black "Bosboom Manuel (NED)"]
[Result "0-1"]
[WhiteElo "2228"]
[BlackElo "2426"]

1.d4 Nf6 2.Nf3 a6 3.e3 c5 4.Be2 e6 5.O-O Nc6 6.b3 b5 7.a4 b4 8.Bb2 Bb7 9.Nbd2
cxd4 10.Nxd4 d5 11.Bd3 Be7 12.Nxc6 Bxc6 13.Qe2 a5 14.Nf3 O-O 15.Nd4 Bb7 16.f4
Ne4 17.Rf3 Bf6 18.Rh3 g6 19.Rf1 Rc8 20.g4 Re8 21.Bxe4 dxe4 22.g5 Bg7 23.Rg3
Qb6 24.Rf2 Ba6 25.Qd1 Red8 26.h4 Rd5 27.Rgg2 Rc3 28.Bxc3 bxc3 29.Qe1 Rxd4
30.exd4 Qxd4 31.Rg3 f5 32.gxf6 Bxf6 33.h5 Bh4 34.Re3 Bxf2+ 35.Kxf2 Qd2+ 36.Kg3
gxh5 37.Kh4 Kf7 38.Qg3 Be2 39.Rxc3 Bg4 40.Rc7+ Kg6 41.f5+ Kh6 42.Rg7 Qd8+ {#R}
0-1

[Event "Ch Ukraine (w)"]
[Site "Nikolaev (Ukraine)"]
[Round "6"]
[White "Kostiukova Liubov (UKR)"]
[Black "Muzychuk Mariya (UKR)"]
[Result "1/2-1/2"]
[WhiteElo "2251"]
[BlackElo "2057"]

1.d4 Nf6 2.Nf3 a6 3.c4 b5 4.b3 c6 5.Qc2 e6 6.e4 d6 7.Be2 Be7 8.O-O O-O 9.Nbd2
Bb7 10.e5 dxe5 11.dxe5 Nfd7 12.Ne4 h6 13.c5 a5 14.Be3 Na6 15.Nd6 Bxd6 16.cxd6
c5 17.Bxb5 Bxf3 18.Bxd7 Bxg2 19.Kxg2 Qxd7 20.Qe4 Rab8 21.Rac1 Rfc8 22.Kh1 Kh8
23.Rg1 Qb7 24.Qxb7 Rxb7 25.Rc4 Kh7 26.Rgc1 Rb5 27.R1c3 Kg6 28.Rg4+ Kh7 29.a3
h5 30.Rg1 Nb8 31.a4 Rb7 32.f4 Nd7 33.Rgc1 Kg6 34.Bxc5 Nxc5 35.Rxc5 Rxc5
36.Rxc5 Rxb3 37.Rxa5 Kf5 38.Rb5 Rd3 39.a5 Ra3 40.Rb8 Kxf4 41.Kg2 Ra2+ 42.Kf1
Ra1+ 43.Kg2 Ra2+ 44.Kf1 Ra1+ 45.Kg2 Ra2+ 46.Kf1 Ra1+ 47.Ke2 Ra2+ 48.Kf1 Ra1+
49.Ke2 Ra2+ 50.Kf1 {#d} 1/2-1/2

[Event "Ch Croatia (team) (1st league)"]
[Site "Rabac (Croatia)"]
[Round "2"]
[White "Jankovic Alojzije (CRO)"]
[Black "Dizdarevic Emir (CRO)"]
[Result "0-1"]
[WhiteElo "2477"]
[BlackElo "2538"]

1.d4 Nf6 2.Nf3 a6 3.Bg5 e6 4.Nbd2 h6 5.Bxf6 Qxf6 6.e3 g6 7.Bd3 Bg7 8.c3 Qe7
9.Qc2 d6 10.h4 Nd7 11.O-O-O Nb6 12.h5 g5 13.g4 Bd7 14.Nf1 Ba4 15.b3 Bd7 16.Ng3
Rc8 17.Ne4 O-O 18.Nfd2 c5 19.dxc5 d5 20.cxb6 dxe4 21.Bc4 Bc6 22.Nxe4 Bxe4
23.Qxe4 Bxc3 24.Kb1 Bg7 25.f4 Rc5 26.Rd2 Rfc8 27.Rc1 gxf4 28.Qxf4 Kh8 29.Rf2
f5 30.Rfc2 Rd8 31.a4 fxg4 32.Qxg4 Rf5 33.Ka2 Qb4 34.Qg6 Ra5 35.Kb1 Rxa4 36.Rc3
Ra3 37.Qxe6 Qa5 38.Bd3 {#R} 0-1

[Event "It (open)"]
[Site "Sauzal (Spain)"]
[Date "2004.11.07"]
[Round "9"]
[White "Malakhatko Vadim (BEL)"]
[Black "Dizdarevic Emir (CRO)"]
[Result "1/2-1/2"]
[WhiteElo "2571"]
[BlackElo "2538"]

1.d4 Nf6 2.Nf3 a6 3.Bf4 d5 4.e3 e6 5.Nbd2 c5 6.c3 Nc6 7.Bd3 Bd6 8.Bg3 Bxg3
9.hxg3 Qd6 10.dxc5 Qxc5 11.e4 dxe4 12.Nxe4 Nxe4 13.Bxe4 Bd7 14.Qe2 h6 15.Rd1
Rd8 16.O-O O-O 17.Rd2 Bc8 18.Rfd1 Rxd2 19.Rxd2 Re8 20.Qd1 e5 21.Qb3 Na5 22.Qd5
Qc7 23.Nxe5 {#d} 1/2-1/2

[Event "It (open)"]
[Site "Kuala Lumpur (Malaysia)"]
[Date "2005.08.23"]
[Round "7"]
[White "Panggabean Hasian (INA)"]
[Black "Ahmad Maliki (MAS)"]
[Result "1-0"]
[WhiteElo "2222"]
[BlackElo "2244"]

1.d4 a6 2.Nf3 Nf6 3.Bf4 d5 4.e3 Bf5 5.Bd3 Bxd3 6.Qxd3 e6 7.O-O Nbd7 8.Nbd2 Be7
9.h3 O-O 10.Bh2 Bd6 11.c4 Bxh2+ 12.Kxh2 c6 13.Kg1 Re8 14.Rfd1 Qe7 15.Rac1 h6
16.e4 dxe4 17.Nxe4 Nxe4 18.Qxe4 Nf6 19.Qe2 Rad8 20.Ne5 Qb4 21.Rd3 Qe7 22.Rcd1
Qc7 23.Rg3 Kh8 24.Rdd3 Rg8 25.Qe3 Kh7 26.Rf3 Qe7 27.Qf4 Rgf8 28.g4 Kh8 29.Rb3
Rfe8 30.Rbe3 Kg8 31.Nd3 Qc7 32.Ne5 Rf8 33.h4 Nd7 34.Qe4 Nf6 35.Qf4 Nd7 36.Kg2
b5 37.b3 Nxe5 38.dxe5 Qe7 39.Kg3 Qc5 40.cxb5 cxb5 41.Rc3 Qe7 42.Rc6 {#r} 1-0

[Event "Memorial E.Geller (open)"]
[Site "Odessa (Ukraine)"]
[Date "2005.09.19"]
[Round "5"]
[White "Garifulin Alexander (UKR)"]
[Black "Kozel Roman (UKR)"]
[Result "0-1"]
[WhiteElo "2299"]
[BlackElo "2378"]

1.d4 Nf6 2.Nf3 a6 3.g3 b5 4.Bg2 Bb7 5.O-O e6 6.a4 Be7 7.Bg5 O-O 8.Nbd2 h6
9.Bxf6 Bxf6 10.c3 b4 11.e3 a5 12.Qb3 Na6 13.Rfd1 Rb8 14.Qc2 c5 15.c4 Qb6
16.Ne4 Bxe4 17.Qxe4 b3 18.h4 Rfc8 19.Bf1 Qb7 20.Qf4 Qc7 21.Qe4 d6 22.g4 g6
23.h5 d5 24.cxd5 exd5 25.Qxd5 Nb4 26.Qxb3 gxh5 27.g5 hxg5 28.Rac1 Qe7 29.dxc5
g4 30.Nd4 Rxc5 31.Rxc5 Qxc5 32.Qc4 Qe5 33.Ne2 Rf8 34.b3 Qg5 35.Qf4 Re8
36.Qxg5+ Bxg5 37.Kg2 h4 38.Rd4 f5 39.Nf4 Nc2 40.Bc4+ Kh8 41.Rd5 Bxf4 42.exf4
Ne1+ 43.Kf1 h3 44.Rxf5 Nf3 45.Be2 Nd2+ 46.Ke1 Nxb3 47.Kd1 Re7 48.Rh5+ Rh7
49.Rxh7+ Kxh7 50.Bxg4 h2 51.Bf3 Kg6 52.Ke1 Kf5 53.Bd5 Nc5 54.Kf1 Nd3 55.Bh1
Nxf4 56.Bf3 {#R} 0-1

[Event "It (open) \"]
[Site "Rodatychi (Ukraine)"]
[Date "2006.08.28"]
[Round "2"]
[White "Koshil Tikhon (RUS)"]
[Black "Gorbatov Alexej (RUS)"]
[Result "0-1"]
[WhiteElo "2198"]
[BlackElo "2379"]

1.d4 a6 2.Nf3 Nf6 3.Bf4 g6 4.e3 Bg7 5.Be2 d6 6.h3 Nbd7 7.Nc3 b5 8.a3 Bb7 9.Qd2
O-O 10.O-O c5 11.Rad1 Rc8 12.Bh2 Nb6 13.Qe1 cxd4 14.Nxd4 Nc4 15.Rb1 Qc7 16.a4
e5 17.Nb3 bxa4 18.Bxc4 Qxc4 19.Na5 Qb4 20.Nxb7 Qxb7 21.Qd2 Qb4 22.Qd3 Rc6
23.Rfd1 Rb8 24.Na2 Qb5 25.Qxb5 Rxb5 26.c3 a5 27.Kf1 Kf8 28.Ke2 Ke7 29.f3 Ke6
30.e4 d5 31.exd5+ Nxd5 32.g3 Nb6 33.Kd2 Nc4+ 34.Kc1 Rcb6 35.Bg1 Rb8 36.Kc2
Rxb2+ 37.Rxb2 Rxb2+ 38.Kd3 Kd5 39.Nc1 f5 {#R} 0-1

[Event "It (open) \"]
[Site "Rodatychi (Ukraine)"]
[Round "8"]
[White "Maiorov Nikita (BLR)"]
[Black "Gorbatov Alexej (RUS)"]
[Result "1-0"]
[WhiteElo "2481"]
[BlackElo "2379"]

1.d4 a6 2.Nf3 Nf6 3.Bg5 e6 4.e3 h6 5.Bh4 c5 6.c3 cxd4 7.exd4 Be7 8.Nbd2 d6
9.Bd3 Nbd7 10.a4 b6 11.O-O Bb7 12.Nc4 Qc7 13.Re1 g5 14.Bg3 Nh5 15.Nfd2 Nxg3
16.hxg3 h5 17.Ne3 Nf6 18.Nef1 g4 19.Ne4 Nd5 20.c4 Nb4 21.d5 Nxd3 22.Qxd3 e5
23.Ne3 Bc8 24.Nc3 Qd7 25.a5 Bd8 26.axb6 Bxb6 27.Ne4 Kf8 28.c5 Bxc5 29.Nxc5
dxc5 30.Nc4 Qb5 31.Rxe5 Bd7 32.Rae1 Rd8 33.Qc3 Rh6 34.Qe3 Rh7 35.Qg5 Qb8
36.Qe7+ Kg8 37.Rg5+ Rg7 38.Ree5 {#r} 1-0